|
|
|
|
| LEADER |
01092nam a2200253 a 4500 |
| 001 |
2264777 |
| 008 |
091011r19991979nyua b 001 0 eng d |
| 010 |
|
|
|a \\\78021861
|
| 020 |
|
|
|a 0060409363
|
| 020 |
|
|
|a 8174730877
|
| 040 |
|
|
|a DLC
|c DLC
|d DLC
|
| 082 |
0 |
0 |
|a 339
|2 19
|
| 100 |
1 |
|
|a Branson, William H.
|
| 245 |
1 |
0 |
|a Macroeconomic theory and policy /
|c William H. Branson.
|
| 250 |
|
|
|a 2d ed.
|
| 260 |
|
|
|a New York :
|b Harper & Row :
|a New Delhi :
|b A.I.T.B.S. Publishers & Distributors,
|c c1979 [reprinted 1999]
|
| 300 |
|
|
|a xiv, 556 p. :
|b ill. ;
|c 24 cm.
|
| 504 |
|
|
|a Includes bibliographies and index.
|
| 541 |
1 |
|
|e 00011154
|
| 650 |
|
0 |
|a Macroeconomics.
|
| 852 |
4 |
|
|a Ayesha Abed Library
|j General shelf
|
| 999 |
|
|
|c 4485
|d 4485
|
| 952 |
|
|
|0 0
|1 0
|2 ddc
|4 0
|6 339_BRA_199900000000000
|7 0
|9 4201
|a BRACUL
|b BRACUL
|c GEN
|d 2009-10-11
|g 0.00
|l 0
|o 339 BRA
|p 3010011154
|r 2009-10-11
|t 1
|w 2009-10-11
|y BK
|x No price found in the accession register.
|
| 952 |
|
|
|0 0
|1 0
|2 ddc
|4 0
|6 339_BRA_199900000000000
|7 0
|9 4202
|a BRACUL
|b BRACUL
|c GEN
|d 2009-10-11
|g 215.00
|l 1
|m 21
|o 339 BRA
|p 3010011193
|r 2025-06-24
|s 2024-12-07
|t 1
|w 2009-10-11
|y BK
|